[Event "AUTO-MASTER-3157"]
[Site "http://www.queenalice.com/game.php?id=1835237"]
[Date "2024.4.17"]
[Round "2"]
[White "Guilherme_Ottoni"]
[Black "signifer"]
[Result "0-1"]
[WhiteElo "2211"]
[BlackElo "2080"]

1. e4 e5 2. Nf3 Nf6 3. Nxe5 d6 4. Nf3 Nxe4 5. Qe2 Qe7 6. d3 Nf6 7. Bg5 Qxe2+ 8.
Bxe2 Be7 9. Nc3 O-O 10. O-O-O Nc6 11. Rhe1 Be6 12. Kb1 Rfe8 13. d4 Nd5 14. Nxd5
Bxd5 15. Bf4 Bf6 16. c3 a5 17. b3 a4 18. b4 a3 19. g3 Rxe2 20. Rxe2 Bxf3 21.
Rde1 Bxe2 22. Rxe2 Ne7 23. Kc2 Nd5 24. Bc1 Kf8 25. Kb3 b5 26. Bxa3 Nxc3 0-1

[Event "AUTO-MASTER-3157"]
[Site "http://www.queenalice.com/game.php?id=1835238"]
[Date "2024.4.17"]
[Round "2"]
[White "signifer"]
[Black "Guilherme_Ottoni"]
[Result "1-0"]
[WhiteElo "2101"]
[BlackElo "2195"]

1. d4 d5 2. c4 dxc4 3. e4 Nf6 4. Nc3 e5 5. Nf3 exd4 6. Nxd4 c5 7. Nf3 Qxd1+ 8.
Nxd1 a6 9. Bxc4 b5 10. Be2 Bb7 11. O-O Bxe4 12. Nc3 Bb7 13. Re1 Be7 14. Bg5 Nbd7
15. Nh4 Kf8 16. Nf5 Re8 17. Rad1 h6 18. Bh4 g5 19. Bg3 b4 20. Na4 Be4 21. Nxe7
Rxe7 22. Bd6 a5 23. Bxe7+ Kxe7 24. Bb5 Kd8 25. Bxd7 Nxd7 26. Nxc5 Bc6 27. Nxd7
Bxd7 28. Rd5 Re8 29. Rxe8+ Kxe8 30. Rxa5 1-0

[Event "AUTO-MASTER-3157"]
[Site "http://www.queenalice.com/game.php?id=1835239"]
[Date "2024.4.17"]
[Round "2"]
[White "cerenzo72"]
[Black "signifer"]
[Result "0-1"]
[WhiteElo "2237"]
[BlackElo "2116"]

1. e4 e5 2. Nf3 Nf6 3. d4 d6 4. dxe5 dxe5 5. Qxd8+ Kxd8 6. Nxe5 Ke8 7. Nc3 Bb4
8. Bd3 Bxc3+ 9. bxc3 Nbd7 10. Nxd7 Nxd7 11. Bf4 c6 12. Bd6 Nb6 13. c4 Be6 14. c5
Nc4 15. O-O Nxd6 16. cxd6 Kd7 17. e5 f6 18. f4 g6 19. c4 Rhf8 20. c5 fxe5 21.
fxe5 Rxf1+ 22. Kxf1 Rf8+ 23. Ke2 Bd5 24. a3 Re8 25. Kf2 Rxe5 26. g3 b6 27. cxb6
axb6 28. Rd1 Kxd6 29. h4 b5 30. Bc2 c5 31. a4 b4 32. a5 c4 33. a6 b3 34. Bb1 Kc5
35. a7 Re8 36. Rxd5+ Kxd5 37. Kf3 c3 0-1

[Event "AUTO-MASTER-3157"]
[Site "http://www.queenalice.com/game.php?id=1835240"]
[Date "2024.4.17"]
[Round "2"]
[White "signifer"]
[Black "cerenzo72"]
[Result "1-0"]
[WhiteElo "2057"]
[BlackElo "2242"]

1. d4 Nf6 2. c4 e6 3. Nc3 Bb4 4. Bd2 O-O 5. Nf3 b6 6. e3 Bb7 7. Bd3 d5 8. cxd5
Nxd5 9. O-O Nxc3 10. bxc3 Ba5 11. Qc2 Nd7 12. e4 Rc8 13. e5 c5 14. Bxh7+ Kh8 15.
Ng5 cxd4 16. Qd3 Nxe5 17. Qh3 g6 18. Bxg6+ Kg7 19. Qh7+ Kf6 20. Nh3 Nxg6 21.
Bg5+ Ke5 22. Bxd8 Rcxd8 23. Qh5+ Kd6 24. Rad1 Bxc3 25. f4 Rg8 26. g3 Ne7 27.
Qe5+ Kd7 28. Ng5 Rgf8 29. Rxd4+ Bxd4+ 30. Qxd4+ Ke8 31. Qa4+ Nc6 32. f5 Rd5 33.
Nh7 Ra5 34. Qh4 Rxf5 35. Rxf5 exf5 36. Nxf8 Kxf8 37. Qf6 Ne7 38. Qd6 Bc6 39.
Qb8+ Kg7 40. Qe5+ Kf8 41. Qb8+ Kg7 42. Qxa7 Nd5 43. Qb8 Bd7 44. Qd6 Be6 45. a3
Kf6 46. h4 Kg6 47. Kf2 b5 48. Qc5 f4 49. gxf4 Kf5 50. Kf3 Kg6 51. Qxb5 Kf6 52.
h5 Kg7 53. f5 1-0

[Event "AUTO-MASTER-3224"]
[Site "http://www.queenalice.com/game.php?id=1840661"]
[Date "2024.7.22"]
[Round "1"]
[White "signifer"]
[Black "Kapablanca"]
[Result "1/2-1/2"]
[WhiteElo "2190"]
[BlackElo "2130"]

1. d4 d5 2. c4 e6 3. Nf3 Nf6 4. e3 Be7 5. Be2 O-O 6. O-O c5 7. b3 cxd4 8. Nxd4
Nc6 9. Bb2 Bd7 10. Na3 a6 11. Nf3 Qa5 12. cxd5 Bxa3 13. Bxa3 Qxa3 14. dxc6 Bxc6
15. Ne5 Rfd8 16. Qc2 Be4 17. Qc7 Rf8 18. Nc4 Qb4 19. Rfd1 Rac8 20. Qf4 Bg6 21.
Rd4 Nd5 22. Qg3 Rfd8 23. Rad1 Qe7 24. e4 Nc7 25. Nd6 Rb8 26. e5 Nd5 27. Bc4 Nb6
28. Bf1 Nd5 29. Bc4 Nb6 30. Bf1 Nd5 31. Bc4 1/2-1/2

[Event "AUTO-MASTER-3224"]
[Site "http://www.queenalice.com/game.php?id=1840662"]
[Date "2024.7.22"]
[Round "1"]
[White "Kapablanca"]
[Black "signifer"]
[Result "0-1"]
[WhiteElo "2218"]
[BlackElo "2188"]

1. d4 Nf6 2. c4 c5 3. d5 e6 4. Nc3 exd5 5. cxd5 d6 6. e4 g6 7. Bg5 Bg7 8. Nf3
O-O 9. Be2 Bg4 10. O-O Nbd7 11. h3 Bxf3 12. Bxf3 Qb6 13. Rb1 Rfe8 14. Re1 Rac8
15. Be3 Qa5 16. a3 Ne5 17. Be2 Ned7 18. Qc2 a6 19. f3 b5 20. Bd2 c4 21. Bf1 Nc5
22. Ne2 Qb6 23. Be3 Nxd5 24. Bxc5 Qxc5+ 25. Kh1 Ne3 26. Qd2 f5 27. Nc3 Bxc3 28.
Qxc3 f4 29. g3 d5 30. exd5 Nxd5 31. Rxe8+ Rxe8 32. g4 Nxc3 0-1

[Event "AUTO-MASTER-3224"]
[Site "http://www.queenalice.com/game.php?id=1840663"]
[Date "2024.7.22"]
[Round "1"]
[White "signifer"]
[Black "raulzampronha"]
[Result "1-0"]
[WhiteElo "2172"]
[BlackElo "2374"]

1. d4 Nf6 2. c4 e6 3. e3 b6 4. Nf3 Bb7 5. Be2 Be7 6. O-O O-O 7. Nc3 d6 8. Qc2
Nbd7 9. e4 e5 10. Rd1 Qc8 11. Nd5 Nxd5 12. cxd5 c5 13. dxe5 dxe5 14. Bb5 Bd6 15.
Be3 a6 16. Bd3 Qc7 17. Rac1 Rfc8 18. Qe2 Nf8 19. b4 Qe7 20. bxc5 Bxc5 21. Bxc5
Rxc5 22. Qb2 Nd7 23. Rxc5 Qxc5 24. Nxe5 Nxe5 25. Qxe5 Rc8 26. h3 g6 27. h4 1-0

[Event "AUTO-MASTER-3224"]
[Site "http://www.queenalice.com/game.php?id=1840664"]
[Date "2024.7.22"]
[Round "1"]
[White "raulzampronha"]
[Black "signifer"]
[Result "0-1"]
[WhiteElo "2325"]
[BlackElo "2201"]

1. d4 Nf6 2. c4 c5 3. e3 cxd4 4. exd4 d5 5. Nc3 h6 6. cxd5 Nxd5 7. Bc4 Nxc3 8.
bxc3 Qc7 9. Qe2 Nd7 10. Bd2 e6 11. Nf3 Bd6 12. O-O O-O 13. Bd3 Nf6 14. c4 b6 15.
Rac1 Bb7 16. h3 Rae8 17. Ne5 Rd8 18. Bc3 Bxe5 19. dxe5 Nd7 20. f4 Nc5 21. Bb1
Qc6 22. Rcd1 Ne4 23. Bxe4 Qxe4 24. Qxe4 Bxe4 25. Bb4 Rfe8 26. c5 a5 27. Bc3 Rxd1
28. Rxd1 Rc8 29. Bd4 bxc5 30. Bc3 a4 31. Kf2 a3 32. Rd2 Rb8 33. Ke3 Bd5 34. Rc2
Rb1 35. Ba5 Rb2 0-1

[Event "AUTO-MASTER-3224"]
[Site "http://www.queenalice.com/game.php?id=1840665"]
[Date "2024.7.22"]
[Round "1"]
[White "signifer"]
[Black "Tonto"]
[Result "1-0"]
[WhiteElo "2162"]
[BlackElo "2109"]

1. d4 d5 2. c4 Nf6 3. Nf3 Bf5 4. e3 e6 5. Be2 Nc6 6. Nc3 Ne4 7. O-O Be7 8. cxd5
exd5 9. Qb3 b6 10. Bb5 Bd7 11. Nxd5 Na5 12. Qc2 Bxb5 13. Nxc7+ Kf8 14. Nxb5 Nf6
15. e4 a6 16. Nc3 Rc8 17. Qd3 b5 18. a4 Nb3 19. Rb1 Nc5 20. Qe2 b4 21. dxc5 bxc3
22. bxc3 a5 23. Rd1 Qc7 24. e5 Nd7 25. e6 Nxc5 26. exf7 Kxf7 27. Ne5+ Kg8 28.
Qc4+ 1-0

[Event "AUTO-MASTER-3224"]
[Site "http://www.queenalice.com/game.php?id=1840666"]
[Date "2024.7.22"]
[Round "1"]
[White "Tonto"]
[Black "signifer"]
[Result "0-1"]
[WhiteElo "2120"]
[BlackElo "2151"]

1. e4 e5 2. Nf3 Nf6 3. d3 Be7 4. Be2 O-O 5. O-O Nc6 6. Nc3 d5 7. exd5 Nxd5 8.
Ne4 f5 9. Neg5 h6 10. Nh3 g5 11. Nxe5 Nxe5 12. d4 Ng6 13. Bc4 Be6 14. Qh5 Kg7
15. f4 g4 16. Ng5 hxg5 17. Re1 Rh8 18. Qxh8+ Qxh8 19. Rxe6 Ngxf4 20. Bxf4 gxf4
21. Bxd5 Qh4 22. Rae1 Bf6 23. c3 Rh8 24. Kf1 Qxh2 25. Bxb7 f3 26. b4 fxg2+ 27.
Bxg2 f4 28. R1e2 f3 29. Bxf3 Qf4 30. R6e4 Rh1+ 0-1

[Event "AUTO-OPEN-4483"]
[Site "http://www.queenalice.com/game.php?id=1843280"]
[Date "2024.9.6"]
[Round "3"]
[White "signifer"]
[Black "Tinelloski"]
[Result "1/2-1/2"]
[WhiteElo "2148"]
[BlackElo "2261"]

1. d4 Nf6 2. c4 g6 3. Nf3 Bg7 4. e3 O-O 5. Nc3 d6 6. Be2 Nc6 7. O-O e5 8. d5 Nb4
9. Nd2 Ne8 10. e4 f5 11. a3 1/2-1/2

[Event "AUTO-MASTER-3224"]
[Site "http://www.queenalice.com/game.php?id=1847165"]
[Date "2024.11.13"]
[Round "2"]
[White "quithero"]
[Black "signifer"]
[Result "0-1"]
[WhiteElo "2056"]
[BlackElo "2227"]

1. d4 d5 2. c4 c6 3. Nf3 Nf6 4. Nc3 dxc4 5. e4 b5 6. Bg5 Nbd7 7. e5 Nd5 8. Be2
Nxc3 9. bxc3 Nb6 10. O-O Nd5 11. Qc1 h6 12. Bh4 g5 13. Bg3 a5 14. a4 g4 15. Nd2
h5 16. Ne4 Bf5 17. f3 Bh6 18. f4 Bxe4 19. Qb2 h4 20. Bxh4 Bxf4 21. Bg3 Bxg3 22.
hxg3 Ne3 23. Rf2 Qd5 24. Rf4 Nxg2 25. Bxg4 Nxf4 0-1

[Event "AUTO-MASTER-3224"]
[Site "http://www.queenalice.com/game.php?id=1847166"]
[Date "2024.11.13"]
[Round "2"]
[White "signifer"]
[Black "quithero"]
[Result "1-0"]
[WhiteElo "2217"]
[BlackElo "2136"]

1. d4 d5 2. c4 c6 3. e3 Nf6 4. Nf3 e6 5. Nc3 Be7 6. Qb3 O-O 7. Be2 a6 8. a4 b6
9. O-O Nbd7 10. Bd2 c5 11. cxd5 exd5 12. Nxd5 cxd4 13. exd4 Ne4 14. Nxe7+ Qxe7
15. Bb4 Nd2 16. Bxd2 Qxe2 17. Rfe1 Qxe1+ 18. Rxe1 Rb8 19. Ng5 Nf6 20. Nxf7 1-0

[Event "AUTO-MASTER-3224"]
[Site "http://www.queenalice.com/game.php?id=1847167"]
[Date "2024.11.13"]
[Round "2"]
[White "cerenzo72"]
[Black "signifer"]
[Result "0-1"]
[WhiteElo "2180"]
[BlackElo "2243"]

1. e4 e5 2. c3 Nf6 3. Qf3 d5 4. d3 Bg4 5. Qe3 dxe4 6. h3 Nd5 7. Qxe4 Nf6 8.
Qxe5+ Be6 9. Nf3 Bd6 10. Qb5+ Nc6 11. Qxb7 Bd7 12. Be2 O-O 13. O-O Qe7 14. Re1
Rab8 15. Qa6 Rb6 16. Qc4 Be6 17. Qh4 Re8 18. Bf1 Qd7 19. Nbd2 h6 20. b3 Be7 21.
Qa4 Nd5 22. Bb2 Bf6 23. Ne4 Be7 24. b4 a6 25. Qc2 Nf6 26. a4 Bf5 27. Rad1 Rbb8
28. Nxf6+ Bxf6 29. Qb3 Be6 30. Qc2 Bf5 31. Qd2 Ne5 32. Nxe5 Bxe5 33. d4 Bf6 34.
Rxe8+ Rxe8 35. Bxa6 Qxa4 36. Bd3 Bg5 37. Bxf5 Bxd2 38. Rxd2 Re1+ 39. Kh2 Qa6 40.
Bg4 Qd6+ 41. g3 Qd5 42. f3 f5 43. Bh5 g6 44. c4 Qxc4 0-1

[Event "AUTO-MASTER-3224"]
[Site "http://www.queenalice.com/game.php?id=1847168"]
[Date "2024.11.13"]
[Round "2"]
[White "signifer"]
[Black "cerenzo72"]
[Result "1-0"]
[WhiteElo "2234"]
[BlackElo "2139"]

1. d4 Nf6 2. c4 g6 3. Nf3 Bg7 4. e3 b6 5. a4 a5 6. Be2 d6 7. O-O O-O 8. Nc3 Bb7
9. Qb3 Nbd7 10. Bd2 e6 11. Rad1 Qe7 12. Nb5 Rfc8 13. Rfe1 c6 14. Nc3 e5 15. d5
cxd5 16. cxd5 Nc5 17. Qa2 e4 18. Nd4 Na6 19. Nc6 Bxc6 20. dxc6 Rxc6 21. Bb5 Rcc8
22. Bxa6 Rxa6 23. Nb5 Raa8 24. Bc3 d5 25. Rd2 Rab8 26. Red1 Rd8 27. h3 Rbc8 28.
Bd4 Qb7 29. Nc3 Rc7 30. Bxf6 Bxf6 31. Nxd5 Rxd5 32. Qxd5 Qxd5 33. Rxd5 Bxb2 34.
Rb5 Rc6 35. Rxb2 1-0

[Event "AUTO-MASTER-3256"]
[Site "http://www.queenalice.com/game.php?id=1853555"]
[Date "2025.3.9"]
[Round "1"]
[White "signifer"]
[Black "CCapivara"]
[Result "1-0"]
[WhiteElo "2242"]
[BlackElo "2244"]

1. d4 d6 2. c4 Nf6 3. Nf3 c6 4. e3 Bg4 5. Be2 Nbd7 6. Qb3 Qc7 7. O-O e5 8. Bd2
Be7 9. Nc3 O-O 10. d5 Nc5 11. Qc2 cxd5 12. Nxd5 Nxd5 13. cxd5 a5 14. Ng5 Bxg5
15. Bxg4 Qe7 16. b4 axb4 17. Bxb4 b6 18. Bxc5 bxc5 19. a4 g6 20. a5 f5 21. Bh3
Rfb8 22. Rfb1 e4 23. a6 Bf6 24. Rxb8+ Rxb8 25. Rb1 Ra8 26. Qa4 Ra7 27. Qc6 Qd8
28. Rb7 Ra8 29. a7 Be7 30. Rxe7 1-0

[Event "AUTO-MASTER-3256"]
[Site "http://www.queenalice.com/game.php?id=1853556"]
[Date "2025.3.9"]
[Round "1"]
[White "CCapivara"]
[Black "signifer"]
[Result "0-1"]
[WhiteElo "2226"]
[BlackElo "2251"]

1. e4 e5 2. Nf3 Nf6 3. Nxe5 d6 4. Nf3 Nxe4 5. d4 d5 6. Bd3 Bf5 7. O-O Bd6 8. c4
c6 9. Nc3 O-O 10. cxd5 cxd5 11. Qb3 Nc6 12. Qxd5 Ne7 13. Qb3 Nxc3 14. Qxc3 Rc8
15. Qb3 Be6 16. Qd1 h6 17. Be3 Nd5 18. Bd2 Qb6 19. b3 Nb4 20. Bxb4 Bxb4 21. Qe2
Rfe8 22. Rac1 Rcd8 23. Qc2 Bd5 24. Be2 Be4 25. Qb2 Qd6 26. Rcd1 Rc8 27. Rc1 Bc6
28. Ne5 Ba3 29. Qb1 Bxc1 30. Rxc1 Qxd4 31. Nxc6 Rxc6 32. Rd1 Qb6 33. Bf3 Rf6 34.
Qd3 Rd6 35. Qb1 Rxd1+ 36. Qxd1 Qa5 37. Qb1 Re1+ 38. Qxe1 Qxe1# 0-1

[Event "AUTO-MASTER-3256"]
[Site "http://www.queenalice.com/game.php?id=1853557"]
[Date "2025.3.9"]
[Round "1"]
[White "signifer"]
[Black "andrevillares"]
[Result "0-1"]
[WhiteElo "2268"]
[BlackElo "2115"]

1. d4 Nf6 2. c4 e6 3. Nf3 Bb4+ 4. Bd2 Qe7 5. e3 O-O 6. Nc3 b6 7. Bd3 Bb7 8. O-O
d6 9. a3 Bxc3 10. Bxc3 Nbd7 11. Qc2 e5 12. Nd2 e4 13. Be2 Rfe8 14. Rfb1 Nf8 15.
f3 exf3 16. Nxf3 Qxe3+ 17. Kf1 Ne4 18. Bd3 Nxc3 19. Re1 Qf4 20. bxc3 Bxf3 21.
gxf3 Qxf3+ 22. Kg1 Re3 23. Rxe3 Qxe3+ 24. Kh1 Qf3+ 25. Kg1 Re8 26. Rf1 Qg4+ 27.
Kh1 Re3 28. Qg2 Qxg2+ 29. Kxg2 Rxd3 0-1

[Event "AUTO-MASTER-3256"]
[Site "http://www.queenalice.com/game.php?id=1853558"]
[Date "2025.3.9"]
[Round "1"]
[White "andrevillares"]
[Black "signifer"]
[Result "0-1"]
[WhiteElo "2099"]
[BlackElo "2262"]

1. d4 d5 2. c4 c6 3. Nc3 Nf6 4. Nf3 dxc4 5. a4 Bg4 6. Ne5 e6 7. Nxg4 Nxg4 8. e4
Nf6 9. Bxc4 Be7 10. O-O O-O 11. Bg5 h6 12. Bh4 Nfd7 13. Bxe7 Qxe7 14. d5 Qb4 15.
dxe6 Qxc4 16. exd7 Rd8 17. Rc1 Nxd7 18. Qg4 Ne5 19. Qg3 Nd3 20. Rc2 Nb4 21. Rcc1
Nd3 22. Rcd1 Nxb2 23. Rb1 Rd3 24. Qe5 Rxc3 25. Rxb2 Rc1 26. h4 Rxf1+ 27. Kh2 b6
28. a5 b5 29. Rd2 b4 0-1

[Event "AUTO-MASTER-3256"]
[Site "http://www.queenalice.com/game.php?id=1853559"]
[Date "2025.3.9"]
[Round "1"]
[White "signifer"]
[Black "Ron39"]
[Result "0-1"]
[WhiteElo "2253"]
[BlackElo "2282"]

1. d4 d5 2. c4 c6 3. Nf3 dxc4 4. b3 cxb3 5. Qxb3 Nf6 6. e3 Qc7 7. Ba3 Nbd7 8.
Bc4 e6 9. Bb2 Qb6 10. Qc2 Bd6 11. O-O O-O 12. Nc3 Qc7 13. Bd3 h6 14. Rac1 Nd5
15. Rfd1 Nb4 16. Qd2 Nxd3 17. Qxd3 Nf6 18. Nb5 Qe7 19. Na3 Re8 20. Nc4 Bc7 21.
Ba3 Qd8 0-1

[Event "AUTO-MASTER-3256"]
[Site "http://www.queenalice.com/game.php?id=1853560"]
[Date "2025.3.9"]
[Round "1"]
[White "Ron39"]
[Black "signifer"]
[Result "0-1"]
[WhiteElo "2308"]
[BlackElo "2254"]

1. e4 e5 2. d4 exd4 3. Qxd4 Nc6 4. Qe3 Nf6 5. Nc3 Be7 6. Bd2 O-O 7. Bc4 Ng4 8.
Qg3 Nce5 9. Be2 Bh4 10. Qf4 g5 11. Qxg4 Nxg4 12. Bxg4 d5 13. Bxc8 Qxc8 14. g3 d4
15. Nd5 Qe6 16. O-O-O c6 17. Nc7 Qxa2 18. Bb4 Qa1+ 19. Kd2 Qxb2 20. Bxf8 Rd8 21.
Nd5 cxd5 22. Ne2 dxe4 23. Rb1 Qa2 24. Ra1 e3+ 25. Kd3 Qe6 26. Nxd4 Qf5+ 27. Kc3
Qxf2 0-1

[Event "AUTO-MASTER-3256"]
[Site "http://www.queenalice.com/game.php?id=1861474"]
[Date "2025.8.12"]
[Round "2"]
[White "signifer"]
[Black "Ron39"]
[Result "1-0"]
[WhiteElo "2269"]
[BlackElo "2273"]

1. d4 d5 2. c4 c6 3. Nf3 Nf6 4. Nc3 e6 5. e3 Nbd7 6. Be2 Bd6 7. O-O O-O 8. a4
dxc4 9. Bxc4 e5 10. Qc2 exd4 11. exd4 Nb6 12. Bd3 Bg4 13. Ne5 Be6 14. Bg5 h6 15.
Bxf6 Qxf6 16. f4 Rfd8 17. Ne4 Qe7 18. f5 Bd5 19. f6 Qc7 20. Nxd6 Qxd6 21. Bh7+
Kf8 22. fxg7+ Kxg7 23. Ra3 Qb4 24. Rg3+ Kf8 25. Qf5 Qxd4+ 26. Kh1 Be6 27. Qxe6
1-0